El Panadés /
Colección:
San Jorge,
; núm. 20 (octubre 1955), pàg 15
Materias:
Penedès (Catalunya)
Idioma:
Español
MARC
| LEADER | 00000naa a2200000 a 4500 | ||
|---|---|---|---|
| 003 | Arxiu | ||
| 005 | 20260324181034.0 | ||
| 008 | 160829s1955 spc xx s spa c | ||
| 040 | |a AGDB | ||
| 100 | 1 | |a Llobet, Salvador, |d 1908-1991 |9 25877 | |
| 245 | 1 | 3 | |a El Panadés / |c Salvador Llobet |
| 490 | |a San Jorge, |v núm. 20 (octubre 1955), pàg 15 | ||
| 651 | 0 | |a Penedès (Catalunya) |9 54182 | |
| 773 | |g Núm. 20 (octubre 1955), pàg 15 |t San Jorge. | ||
| 901 | |a Arxiu | ||
| 942 | |n 1 |2 udc |c ART | ||
| 952 | |0 0 |1 0 |4 0 |6 REV510 |7 1 |9 65277 |a Arxiu |b Arxiu |d 2023-02-14 |l 0 |o Rev-510 |r 2023-02-14 00:00:00 |w 2023-02-14 |y ARXIU |z També disponible a Rev-524 | ||
| 999 | |c 48140 |d 48140 | ||